Fotogrametría aplicado a carreteras

Kaydedildi:
Detaylı Bibliyografya
Yazar: Reyes Rojas, Francisco, 1950-2020
Materyal Türü: Kitap
Baskı/Yayın Bilgisi: [San José , Costa Rica] 1978
Etiketler: Etiketle
Etiket eklenmemiş, İlk siz ekleyin!

MARC

LEADER 00000nam a2200000Ia 4500
003 PIT161
005 20231208095353.0
008 140116s1978 cr a m 000 ||s d
040 |c cru CEDI 
090 |a PIT 161 
100 |a Reyes Rojas, Francisco, 1950-2020  |9 2031 
245 |a Fotogrametría aplicado a carreteras 
260 |a [San José , Costa Rica]  |c 1978 
300 |a 12 hojs ; ilustraciones, planos algunos plegables 
500 |a Universidad de Costa Rica. Facultad de Ingeniería. Carrera de Perito Topógrafo. Trabajo para aprobar la materia de Topografía Aplicada  
942 |c TFG  |h PIT-161  |i PIT161  |6 PIT_161_PIT161 
999 |c 13508  |d 13508